000 00466nam a22001817a 4500
005 20180711115224.0
008 160526b xxu||||| |||| 00| 0 eng d
020 _a81-203-2164-2
041 _aeng
082 _b5146
_a658.15
100 _aFraser, Lyn, N and Aileen ormiston
_94521
245 _aUnderstanding financial statement
250 _a6th ed.
260 _aNew Delhi
_bAcademic Faundation
300 _a261p,
650 _aManagement
_9241
942 _cBK
999 _c1797
_d1796